| 000 | 00546nam a2200181Ia 4500 | ||
|---|---|---|---|
| 003 | OSt | ||
| 005 | 20230524144911.0 | ||
| 008 | 210423s2002 xx 000 0 und d | ||
| 040 | _cAL | ||
| 041 | _aeng | ||
| 082 |
_a616.89 _223 _bVEEA |
||
| 100 |
_aVEERARAGHAVAN (Vimala);SINGH (Shalini). _9112507 |
||
| 245 | _aAnxiety disorders: psychological assessment and treatment. | ||
| 260 |
_aNew Delhi _bSage Publications _c2002 |
||
| 365 |
_b195 _cINR |
||
| 906 | _aAnxiety ; assessment ; disorders: ; psychological ; treatment. | ||
| 942 |
_2ddc _cBK |
||
| 999 |
_c172850 _d172850 |
||